000 00724nam a2200241Ia 4500
003 OSt
005 20220923214450.0
006 a|||||r|||| 00| 0
007 ta
008 220922b |||||||| |||| 00| 0 hin d
024 _a169,747
037 _cTextual
040 _aARTS
_cARTS
_bhin
041 _2hin
_ahin
082 _aO152,3M913,VU, J6
100 _aश्रीवास्तव, जी पी
_9163358
245 0 _aविलायती उल्लू
246 _aVilāyatī ullū
260 _c1956
650 _aहिन्दी साहित्य
_9156264
942 _hO152,3M913,VU, J6
_cTEXL
_2CC
999 _c324167
_d324167